书目信息 |
| 题名: |
工业微生物实验技术
|
|
| 作者: | 陈剑虹 主编 | |
| 分册: | ||
| 出版信息: | 北京 化学工业出版社 2006.01 |
|
| 页数: | 105页 | |
| 开本: | 26cm | |
| 丛书名: | ||
| 单 册: | ||
| 中图分类: | Q939.97-33 | |
| 科图分类: | ||
| 主题词: | 工业微生物学--gong ye wei sheng wu xue--实验--高等教育--教材 | |
| 电子资源: | ||
| ISBN: | 7-5025-7920-6 | |
| 000 | 00854nam0 2200241 450 | |
| 001 | 012006715676 | |
| 005 | 20060904103321.35 | |
| 010 | @a7-5025-7920-6@dCNY14.00 | |
| 100 | @a20060611d2006 km y0chiy0120 ea | |
| 101 | 0 | @achi |
| 102 | @aCN@b110000 | |
| 105 | @aa a 000yy | |
| 200 | 1 | @a工业微生物实验技术@Agong ye wei sheng wu shi yan ji shu@f陈剑虹主编@Fchen jian hong zhu bian |
| 210 | @a北京@c化学工业出版社@d2006.01 | |
| 215 | @a105页@c图@d26cm | |
| 300 | @a教育部高职高专规划教材 | |
| 320 | @a有书目。 | |
| 330 | @a本书主要介绍工业微生物实验室建设及设备仪器微生物的纯种分离与培养技术,微生物的鉴定,微生物菌种的筛选等内容。 | |
| 606 | 0 | @a工业微生物学@Agong ye wei sheng wu xue@x实验@x高等教育@j教材 |
| 690 | @aQ939.97-33@v4 | |
| 701 | 0 | @a陈剑虹@Achen jian hong@4主编 |
| 801 | 0 | @aCN@bQSSK@c20060904 |
| 905 | @a10447@dQ939.97-33@eC462 | |
| 工业微生物实验技术/陈剑虹主编.-北京:化学工业出版社,2006.01 |
| 105页:图;26cm |
| 教育部高职高专规划教材 |
| ISBN 7-5025-7920-6:CNY14.00 |
| 本书主要介绍工业微生物实验室建设及设备仪器微生物的纯种分离与培养技术,微生物的鉴定,微生物菌种的筛选等内容。 |
| ● |
| 相关链接 |
|
|
|
正题名:工业微生物实验技术
索取号:Q939.97-33/C462
 
预约/预借
| 序号 | 登录号 | 条形码 | 馆藏地/架位号 | 状态 | 备注 |
| 1 | 585484 | 205854841 | 自科库401/401自科库 34排1列5层/ [索取号:Q939.97-33/C462] | 在馆 | |
| 2 | 585485 | 205854850 | 自科库401/401自科库 34排1列5层/ [索取号:Q939.97-33/C462] | 在馆 | |
| 3 | 585486 | 205854869 | 自科库401/401自科库 34排1列5层/ [索取号:Q939.97-33/C462] | 在馆 |